<?xml version="1.0" encoding="UTF-8"?>
<record
    xmlns:xsi="http://www.w3.org/2001/XMLSchema-instance"
    xsi:schemaLocation="http://www.loc.gov/MARC21/slim http://www.loc.gov/standards/marcxml/schema/MARC21slim.xsd"
    xmlns="http://www.loc.gov/MARC21/slim">

  <leader>02281nas a2200361 i 4500</leader>
  <controlfield tag="001">173213</controlfield>
  <controlfield tag="003">ES-MaACL</controlfield>
  <controlfield tag="005">20250928125235.0</controlfield>
  <controlfield tag="007">t|</controlfield>
  <controlfield tag="008">091118c18931897sp a|         |  1 ||pa d</controlfield>
  <datafield tag="080" ind1=" " ind2=" ">
    <subfield code="a">5 : 061.12(460)</subfield>
  </datafield>
  <datafield tag="110" ind1="2" ind2=" ">
    <subfield code="a">Real Academia de Ciencias Exactas, F&#xED;sicas y Naturales de Espa&#xF1;a.</subfield>
    <subfield code="9">175635</subfield>
  </datafield>
  <datafield tag="245" ind1="1" ind2="0">
    <subfield code="a">Discursos le&#xED;dos ante la Real Academia de Ciencias Exactas, F&#xED;sicas y Naturales </subfield>
    <subfield code="g">1893-1897.</subfield>
  </datafield>
  <datafield tag="260" ind1=" " ind2=" ">
    <subfield code="a">Madrid : </subfield>
    <subfield code="b">[s. n.], </subfield>
    <subfield code="c">1893 (</subfield>
    <subfield code="f">Imp. de Luis Aguado)</subfield>
  </datafield>
  <datafield tag="300" ind1=" " ind2=" ">
    <subfield code="a">1 v. ; </subfield>
    <subfield code="c">26 cm.</subfield>
  </datafield>
  <datafield tag="505" ind1="8" ind2=" ">
    <subfield code="a">Contiene: T. IV: Concepto de la especia y sus l&#xED;mites naturales / Justo Eg&#xF3;zcue y Cia (98 p.). Contestaci&#xF3;n / Daniel de Cort&#xE1;zar (p. 99-134). Rese&#xF1;a de los medios empleados / Eduardo Torroja y Caball&#xE9; (72 p.). Contestaci&#xF3;n / Francisco de Paula Arrillaga (p. 73-96). Uso de las aguas en Espa&#xF1;a / Am&#xF3;s Salvador (52). Contestaci&#xF3;n / Jos&#xE9; Echegaray  (p. 53-76). Tendencias de la qu&#xED;mica moderna / Ricardo Becerro de Bengoa (52 p.). Contestaci&#xF3;n / Gabriel de la Puerta (p. 53-70). Lo invisible y lo desconocido / Juan Navarro Reverter (65 p.). Contestaci&#xF3;n / Manuel Becerra (p. 67-85). Importancia de la qu&#xED;mica en la construcci&#xF3;n / Manuel Pardo (42 p.). Contestaci&#xF3;n / Alberto Bosch (p. 43-66). El concepto de las academias de ciencias, distinto seg&#xFA;n los tiempos y pa&#xED;ses / Pr&#xE1;xedes Mateo Sagasta (32 p.). Contestaci&#xF3;n / Cipriano Segundo Montesino (p. 33-66).</subfield>
  </datafield>
  <datafield tag="700" ind1="1" ind2=" ">
    <subfield code="a">Echegaray, Jos&#xE9;,</subfield>
    <subfield code="d">1832-1916</subfield>
    <subfield code="9">46526</subfield>
  </datafield>
  <datafield tag="700" ind1="1" ind2=" ">
    <subfield code="a">Becerra, Manuel,</subfield>
    <subfield code="d">1823-1896</subfield>
    <subfield code="9">26880</subfield>
  </datafield>
  <datafield tag="700" ind1="1" ind2=" ">
    <subfield code="a">Eg&#xF3;zcue y Cia, Justo.</subfield>
    <subfield code="9">126916</subfield>
  </datafield>
  <datafield tag="700" ind1="1" ind2=" ">
    <subfield code="a">Cort&#xE1;zar y Larrubia, Daniel de.</subfield>
    <subfield code="9">40829</subfield>
  </datafield>
  <datafield tag="700" ind1="1" ind2=" ">
    <subfield code="a">Torroja, Eduardo, </subfield>
    <subfield code="d">1847-1918</subfield>
    <subfield code="9">111056</subfield>
  </datafield>
  <datafield tag="700" ind1="1" ind2=" ">
    <subfield code="a">Arrillaga y de Garro, Francisco de Paula,</subfield>
    <subfield code="d">1846-1920</subfield>
    <subfield code="9">125722</subfield>
  </datafield>
  <datafield tag="700" ind1="1" ind2=" ">
    <subfield code="a">Salvador y Rodrig&#xE1;&#xF1;ez, Am&#xF3;s,</subfield>
    <subfield code="d">1845-1922</subfield>
    <subfield code="9">102102</subfield>
  </datafield>
  <datafield tag="700" ind1="1" ind2=" ">
    <subfield code="a">Becerro de Bengoa, Ricardo,</subfield>
    <subfield code="d">1845-1902</subfield>
    <subfield code="9">26893</subfield>
  </datafield>
  <datafield tag="700" ind1="1" ind2=" ">
    <subfield code="a">Puerta, Gabriel de la.</subfield>
    <subfield code="9">131407</subfield>
  </datafield>
  <datafield tag="700" ind1="1" ind2=" ">
    <subfield code="a">Navarro Reverter, Juan,</subfield>
    <subfield code="d">1844-1924</subfield>
    <subfield code="9">85166</subfield>
  </datafield>
  <datafield tag="700" ind1="1" ind2=" ">
    <subfield code="a">Pardo, Manuel.</subfield>
    <subfield code="9">130845</subfield>
  </datafield>
  <datafield tag="700" ind1="1" ind2=" ">
    <subfield code="a">Bosch, Alberto,</subfield>
    <subfield code="d">1848-1900</subfield>
    <subfield code="9">126090</subfield>
  </datafield>
  <datafield tag="700" ind1="1" ind2=" ">
    <subfield code="a">Mateo Sagasta, Pr&#xE1;xedes, </subfield>
    <subfield code="d">1825-1903</subfield>
    <subfield code="9">101421</subfield>
  </datafield>
  <datafield tag="700" ind1="1" ind2=" ">
    <subfield code="a">Montesino, Cipriano Segundo, </subfield>
    <subfield code="d">1817-1901</subfield>
    <subfield code="9">132635</subfield>
  </datafield>
  <datafield tag="852" ind1=" " ind2=" ">
    <subfield code="a">ES-MaACL</subfield>
    <subfield code="j">K-206</subfield>
  </datafield>
  <datafield tag="999" ind1=" " ind2=" ">
    <subfield code="c">173213</subfield>
    <subfield code="d">173213</subfield>
  </datafield>
  <datafield tag="952" ind1=" " ind2=" ">
    <subfield code="0">0</subfield>
    <subfield code="1">0</subfield>
    <subfield code="4">0</subfield>
    <subfield code="7">0</subfield>
    <subfield code="8">Hemeroteca</subfield>
    <subfield code="a">ATENEOM</subfield>
    <subfield code="b">ATENEOM</subfield>
    <subfield code="c">ADM</subfield>
    <subfield code="d">2009-11-18</subfield>
    <subfield code="l">0</subfield>
    <subfield code="o">K-206</subfield>
    <subfield code="p">1181751</subfield>
    <subfield code="r">2023-02-23 00:00:00</subfield>
    <subfield code="w">2023-02-23</subfield>
    <subfield code="y">PERIODICA</subfield>
  </datafield>
</record>
